Music Quiz

Random Music or Song Quiz

Queens Of The Stone Age Songs Quiz Stats

 Plays Quiz not verified by Sporcle

Challenge
Share
Tweet
Embed
Score 0/85 Timer 10:00
0 Plays Today
Hint Answer % Correct
Songs For The DeafNo One Knows
83.9%
Songs For The DeafGo With The Flow
83.9%
Rated RFeel Good Hit Of The Summer
80.5%
Songs For The DeafSong For The Dead
80.5%
Songs For The DeafSong For The Deaf
80.5%
Queens Of The Stone AgeAvon
79.3%
Rated RLost Art Of Keeping A Secret
79.3%
...Like Clockwork...Like Clockwork
77%
Queens Of The Stone AgeRegular John
75.9%
Era VulgarisSick, Sick, Sick
75.9%
Era Vulgaris3s & 7s
75.9%
Songs For The DeafFirst It Giveth
74.7%
Lullabies To ParalyzeLittle Sister
74.7%
Era VulgarisMake It Wit Chu
74.7%
...Like ClockworkMy God Is The Sun
74.7%
Queens Of The Stone AgeIf Only
73.6%
Lullabies To ParalyzeBurn The Witch
73.6%
Lullabies To ParalyzeIn My Head
73.6%
...Like ClockworkI Sat By The Ocean
72.4%
VillainsThe Way You Used To Do
71.3%
Queens Of The Stone AgeMexicola
70.1%
Songs For The DeafGod Is In The Radio
70.1%
Lullabies To ParalyzeThis Lullaby
70.1%
Rated RBetter Living Through Chemistry
69%
Lullabies To ParalyzeMedication
69%
...Like ClockworkIf I Had A Tail
69%
VillainsFeet Don't Fail Me
69%
VillainsVillains Of Circumstance
69%
Songs For The DeafMosquito Song
67.8%
Hint Answer % Correct
...Like ClockworkThe Vampyre Of Time & Memory
67.8%
...Like ClockworkSmooth Sailing
67.8%
Songs For The DeafHangin' Tree
66.7%
Era VulgarisTurnin' On The Screw
66.7%
VillainsHead Like A Haunted House
66.7%
...Like ClockworkKeep Your Eyes Peeled
65.5%
...Like ClockworkFairweather Friends
65.5%
...Like ClockworkKalopsia
65.5%
Kyuss - Queens Of The Stone Age EPIf Only Everything (If Only demo)
64.4%
Songs For The DeafYou Think I Ain't Worth A Dollar, But I Feel Like A Millionaire
64.4%
Songs For The DeafSix Shooter
64.4%
Lullabies To ParalyzeTangled Up In Plaid
64.4%
VillainsThe Evil Has Landed
64.4%
...Like ClockworkI Appear Missing
63.2%
Rated RLeg Of Lamb
62.1%
Rated RAuto Pilot
62.1%
Songs For The DeafThe Sky Is Fallin'
62.1%
Rated RMonster In The Parasol
60.9%
Lullabies To ParalyzeSomeone's In The Wolf
60.9%
Era VulgarisI'm Designer
60.9%
VillainsDomesticated Animals
60.9%
VillainsFortress
60.9%
Era VulgarisMisfit Love
59.8%
Era VulgarisBattery Acid
59.8%
Queens Of The Stone AgeHispanic Impressions
58.6%
Rated RIn The Fade
58.6%
Rated RI Think I Lost My Headache
58.6%
Songs For The DeafAnother Love Song
58.6%
Lullabies To ParalyzeEverybody Knows That You're Insane
58.6%
Hint Answer % Correct
Rated RTension Head
57.5%
VillainsUn-Reborn Again
57.5%
Queens Of The Stone AgeWalkin' On The Sidewalks
56.3%
Queens Of The Stone AgeI Was A Teenage Hand Model
56.3%
Songs For The DeafGonna Leave You
56.3%
Songs For The DeafDo It Again
56.3%
Lullabies To ParalyzeLong Slow Goodbye
56.3%
Era VulgarisRun, Pig, Run
56.3%
Queens Of The Stone AgeHow To Handle A Rope (A Lesson In The Lariat)
55.2%
Rated RLightning Song
52.9%
Lullabies To ParalyzeI Never Came
52.9%
Era VulgarisInto The Hollow
52.9%
Lullabies To ParalyzeThe Blood Is Love
51.7%
VillainsHideaway
50.6%
Lullabies To ParalyzeBroken Box
49.4%
Era Vulgaris (Bonus Tracks)/SingleThe Fun Machine Took A **** And Died
49.4%
Era VulgarisRiver In The Road
48.3%
Queens Of The Stone AgeYou Would Know
46%
Queens Of The Stone AgeGive The Mule What He Wants
46%
Era VulgarisSuture Up Your Future
46%
Rated RQuick And To The Pointless
44.8%
Lullabies To ParalyzeSkin On Skin
43.7%
Lullabies To Paralyze'You Got A Killer Scene There, Man...'
42.5%
Kyuss - Queens Of The Stone Age EPSpiders And Vinegaroons (first release)
36.8%
Kyuss - Queens Of The Stone Age EPBorn To Hula (first release)
34.5%
Era Vulgaris (Bonus Tracks)/SingleEra Vulgaris (ft. Trent Reznor)
28.2%
Queens Of The Stone AgeYou Can’t Quit Me Baby
25.3%

You're not logged in!

Compare scores with friends on all Sporcle quizzes.
Join for Free
OR
Log In

You Might Also Like...

Show Comments

Extras

Created Aug 13, 2017ReportNominate
Tags:Album Quiz, Song Quiz, age, off, queen, stone

Top Quizzes Today


Score Distribution

Your Account Isn't Verified!

In order to create a playlist on Sporcle, you need to verify the email address you used during registration. Go to your Sporcle Settings to finish the process.

Report this User

Report this user for behavior that violates our Community Guidelines.

Details: